000 00616nam a2200181Ia 4500
005 20250423101608.0
008 250422s9999 xx 000 0 und d
020 _a9780679443650
050 _aPS 2954 .S76/
100 _aStowe, Harriet Beecher.
245 0 _aUncle Tom's Cabin
260 _aNew york
260 _bA.A. Knopf
260 _c1995
300 _a494 p
650 _aUncle Tom (Fictitious character)--Fiction. Master and servant--Fiction. African Americans--Fiction. Fugitive slaves--Fiction. Plantation life--Fiction. Slavery--Fiction. Slaves--Fiction. Southern States--Fiction.
942 _cBK
999 _c36712
_d36712